Guess the Taylor Swift Song (Fearless TV) 5 - Statistics

General Stats
  • This quiz has been taken 10 times
  • The average score is 320 of 344
Answer Stats
Answer % Correct
a
100%
air?
100%
All
100%
and
100%
at
100%
be
100%
been
100%
But
100%
by
100%
Can
100%
can
100%
feel
100%
Fell
100%
hand,
100%
have
100%
I
100%
in
100%
is
100%
Is
100%
It
100%
it?
100%
it's
100%
It's
100%
kissed
100%
like
100%
looked
100%
love
100%
me
100%
mess
100%
now
100%
saw
100%
say
100%
standing
100%
that
100%
the
100%
there
100%
this
100%
to
100%
took
100%
up
100%
was
100%
were
100%
when
100%
You
100%
you
100%
your
100%
you're
100%
can't
86%
damsel
86%
Did
86%
down
86%
dress
86%
Every
86%
everything
86%
face
86%
fairytale
86%
got
86%
made
86%
magic
86%
make
86%
must
86%
my
86%
prince
86%
right
86%
Time
86%
time
86%
Today
86%
told
86%
t-shirt
86%
used
86%
way
86%
wore
86%
yeah
86%
yeah,
86%
You've
86%
another
71%
around
71%
around,
71%
dark
71%
distress
71%
getting
71%
gray
71%
heart
71%
move
71%
Nothing
71%
Oh,
71%
oh
71%
oh,
71%
picked
71%
planet
71%
pretty
71%
put
71%
six
71%
slows
71%
so
71%
Whenever
71%
beating
57%
chest
57%
clearer
57%
much
57%
oh-oh
57%
sense
57%
smile
57%
Takes
57%
til
57%
No matching quizzes found
Score Distribution
Percent of People with Each Score
Percentile by Number Answered
Your Score History
You have not taken this quiz